000
00242nam a2200109Ia 4500
008
190216s9999||||xx |||||||||||||| ||und||
100
_a
Sumithranath Panth
245
0
_a
Hindi-Chidambara
260
_b
Rajkamal
650
_a
Hindi
942
_c
BK
999
_c
15243
_d
15243